| 000 | 00330 a2200109 4500 | ||
|---|---|---|---|
| 020 | _a9788131212608 | ||
| 082 | _a624.171 SIM | ||
| 100 | _aSimitses, George J. | ||
| 245 |
_aFundamentals of Structural Stability/ _cGeorge J. Simitses, Dewey H. Hodges |
||
| 260 |
_aUK : _bElsevier, _c2006 |
||
| 300 |
_axii, 389p. : _bill. ; _c25 cm |
||
| 650 | _aStructural Stability | ||
| 999 |
_c1219 _d1219 |
||